The physiology of flowering / (Record no. 24322)

MARC details
000 -LEADER
fixed length control field 00905cam a2200277 a 4500
001 - CONTROL NUMBER
control field 1867466
003 - CONTROL NUMBER IDENTIFIER
control field OSt
005 - DATE AND TIME OF LATEST TRANSACTION
control field 20211227111951.0
008 - FIXED-LENGTH DATA ELEMENTS--GENERAL INFORMATION
fixed length control field 821116m19811985flua b 001 0 eng
010 ## - LIBRARY OF CONGRESS CONTROL NUMBER
LC control number 82159289
020 ## - INTERNATIONAL STANDARD BOOK NUMBER
International Standard Book Number 0849357098 (v. 1)
040 ## - CATALOGING SOURCE
Original cataloging agency DLC
Transcribing agency HU
Modifying agency DLC
-- OCoLC
050 00 - LIBRARY OF CONGRESS CALL NUMBER
Classification number QK830
Item number .B47 1981
082 00 - DEWEY DECIMAL CLASSIFICATION NUMBER
Classification number 582.13/04166
Edition number 19
100 1# - MAIN ENTRY--PERSONAL NAME
Personal name Bernier, Georges,
Dates associated with a name 1934-
9 (RLIN) 25384
245 14 - TITLE STATEMENT
Title The physiology of flowering /
Statement of responsibility, etc. authors, Georges Bernier, Jean-Marie Kinet, Roy M. Sachs.
260 ## - PUBLICATION, DISTRIBUTION, ETC.
Place of publication, distribution, etc. Boca Raton, Fla. :
Name of publisher, distributor, etc. CRC Press,
Date of publication, distribution, etc. c1981-c1985.
300 ## - PHYSICAL DESCRIPTION
Extent 3 v. :
Other physical details ill. ;
Dimensions 26 cm.
504 ## - BIBLIOGRAPHY, ETC. NOTE
Bibliography, etc. note Includes bibliographies and indexes.
505 2# - FORMATTED CONTENTS NOTE
Formatted contents note v. 3. The development of flowers.
650 #0 - SUBJECT ADDED ENTRY--TOPICAL TERM
Topical term or geographic name entry element Plants, Flowering of.
9 (RLIN) 25385
700 1# - ADDED ENTRY--PERSONAL NAME
Personal name Kinet, Jean-Marie.
9 (RLIN) 25386
700 1# - ADDED ENTRY--PERSONAL NAME
Personal name Sachs, Roy M.
9 (RLIN) 25387
906 ## - LOCAL DATA ELEMENT F, LDF (RLIN)
a 7
b cbc
c orignew
d 1
e ncip
f 19
g y-gencatlg
942 ## - ADDED ENTRY ELEMENTS (KOHA)
Source of classification or shelving scheme Dewey Decimal Classification
Koha item type Books like text book referance book
Suppress in OPAC No
Holdings
Withdrawn status Lost status Source of classification or shelving scheme Damaged status Not for loan Collection code Home library Current library Shelving location Date acquired Total Checkouts Full call number Barcode Date last seen Copy number Price effective from Koha item type
    Dewey Decimal Classification     Reference Wondo Genet Library Wondo Genet Library General Stacks 12/27/2021   582.13`04166 BER 1981 WGCFNRL00009138 12/27/2021 1 12/27/2021 Books like text book referance book